| Tag |
First Indicator |
Second Indicator |
Subfields |
| LEADER |
00000cas a2200000 a 4500 |
| 001 |
in00002492474 |
| 005 |
20211202191926.0 |
| 006 |
m | |
| 007 |
cr ||||||||||| |
| 008 |
090505c20009999dcu|| p|s f| 0eng c |
| 010 |
|
|
|a 2009231049
|
| 035 |
|
|
|a (OCoLC)ocn320236204
|
| 037 |
|
|
|b US Fuel Cell Council, 1100 H Street, NW, Suite 800, Washington, DC 20005
|
| 040 |
|
|
|a GPO
|c GPO
|d GPO
|d MvI
|d UtOrBLW
|
| 042 |
|
|
|a pcc
|
| 043 |
|
|
|a n-us---
|
| 049 |
|
|
|a WWW
|
| 074 |
|
|
|a 0430-S-09 (online)
|
| 086 |
0 |
|
|a E 12.19:
|
| 245 |
0 |
0 |
|a Fuel cell connection.
|
| 246 |
1 |
|
|i First issue also called:
|a Special inaugural issue
|
| 264 |
|
1 |
|a [Washington, D.C.] :
|b U.S. Fuel Cell Council :
|b National Fuel Cell Research Center.
|
| 300 |
|
|
|a volumes :
|b digital, PDF file.
|
| 310 |
|
|
|a Monthly
|
| 336 |
|
|
|a text
|b txt
|2 rdacontent
|
| 337 |
|
|
|a computer
|b c
|2 rdamedia
|
| 338 |
|
|
|a online resource
|b cr
|2 rdacarrier
|
| 362 |
1 |
|
|a Began with July 2000 issue.
|
| 538 |
|
|
|a Mode of access: Internet at the Council web site. Address as of 5/1/09: http://www.usfcc.com/resources/backissues.html ; current access available via PURL.
|
| 500 |
|
|
|a Description based on: July 2000; title from title screen (viewed on May 1, 2009).
|
| 500 |
|
|
|a Latest issue consulted: Apr. 2009.
|
| 580 |
|
|
|a Issued also in Spanish; some issues combined and published in Portuguese.
|
| 500 |
|
|
|a Electronic resource.
|
| 650 |
|
0 |
|a Fuel cells
|v Periodicals.
|
| 650 |
|
0 |
|a Hydrogen as fuel
|x Research
|z United States
|v Periodicals.
|
| 650 |
|
0 |
|a Alternative fuel vehicles
|x Research
|z United States
|v Periodicals.
|
| 775 |
1 |
|
|t Fuel cell connection
|w (DLC) 2009231250
|w (OCoLC)320236756
|
| 775 |
1 |
|
|t Fuel cell connection
|w (DLC) 2009231251
|w (OCoLC)320235407
|
| 710 |
2 |
|
|a US Fuel Cell Council.
|
| 710 |
2 |
|
|a National Fuel Cell Research Center.
|
| 710 |
2 |
|
|a National Energy Technology Laboratory (U.S.)
|
| 856 |
4 |
0 |
|u https://purl.fdlp.gov/GPO/LPS114105
|t 0
|
| 999 |
|
|
|a MARS
|
| 999 |
f |
f |
|s fd3840f9-19cd-3d32-9ea1-2c41dea4a451
|i 19ee265f-c6e3-37f2-be1d-e8ac1021297d
|t 0
|
| 952 |
f |
f |
|a Texas A&M University
|b College Station
|c Electronic Resources
|d Available Online
|t 0
|e E 12.19:
|h Superintendent of Documents classification
|
| 998 |
f |
f |
|a E 12.19:
|t 0
|l Available Online
|